[Event "XtraCon-Skakligaen"]
[Site "Denmark"]
[Date "2011.02.20"]
[Round "7.8"]
[White "Ligaard, Morten Lund"]
[Black "Olesen, Poul Erik Norgaard"]
[Result "1-0"]
[WhiteElo "2235"]
[BlackElo "2106"]
[PlyCount "81"]
[EventDate "2010.11.06"]
[EventType "team-tourn"]
[EventRounds "9"]
[WhiteTeam "Bronshoj"]
[BlackTeam "Norresundby"]
[WhiteTeamCountry "DEN"]
[BlackTeamCountry "DEN"]

1. Nf3 Nf6 2. c4 g6 3. d4 Bg7 4. Nc3 d6 5. Bg5 h6 6. Bh4 Nbd7 7. e3 c6 8. Be2
O-O 9. Qc2 Qc7 10. O-O Re8 11. b4 g5 12. Bg3 Nh5 13. Rac1 e5 14. dxe5 Nxg3 15.
hxg3 Nxe5 16. Nd4 Bd7 17. Rfd1 Rad8 18. c5 d5 19. e4 dxe4 20. Nxe4 Bg4 21. Bxg4
Nxg4 22. Nd6 Rxd6 23. cxd6 Qxd6 24. Nf5 Qxb4 25. Rb1 Qa5 26. Nd6 Re7 27. Nxb7
Qa6 28. Nc5 Qa5 29. Nb3 Qa6 30. Re1 Be5 31. Qf5 Qa4 32. Nc5 Qd4 33. Re4 Qxc5
34. Qxg4 Bxg3 35. Rxe7 Bxf2+ 36. Kf1 Bd4 37. Re8+ Kg7 38. Rd1 Qc4+ 39. Qe2 Qd5
40. Rxd4 Qxd4 41. Qe5+ 1-0

[Event "XtraCon-Skakligaen"]
[Site "Denmark"]
[Date "2011.02.20"]
[Round "7.1"]
[White "Hector, Jonny"]
[Black "Danielsen, Henrik"]
[Result "0-1"]
[WhiteElo "2576"]
[BlackElo "2516"]
[PlyCount "100"]
[EventDate "2010.11.06"]
[EventType "team-tourn"]
[EventRounds "9"]
[WhiteTeam "Nordkalotten"]
[BlackTeam "BMS"]
[WhiteTeamCountry "DEN"]
[BlackTeamCountry "DEN"]

1. e4 c5 2. Nf3 Nc6 3. d4 cxd4 4. Nxd4 g6 5. Nc3 Bg7 6. Be3 Nf6 7. Bc4 O-O 8.
Bb3 a5 9. a4 Ng4 10. Qxg4 Nxd4 11. Qh4 d6 12. Nd5 Re8 13. Rd1 Nxb3 14. Bb6 Qd7
15. cxb3 Ra6 16. Bd4 Qd8 17. O-O Be6 18. Bxg7 Kxg7 19. Rd3 Bxd5 20. exd5 e5 21.
Qc4 Rb6 22. Rc1 Rb4 23. Qc3 Qg5 24. Rcd1 Qf5 25. Rf3 Qd7 26. Rc1 Re7 27. Qd2 h6
28. Rh3 g5 29. Qe2 Qf5 30. Re3 Rd4 31. Qb5 Rc7 32. Rf1 Rc2 33. Rf3 Qc8 34. Qxa5
Rc1 35. Rc3 Rxf1+ 36. Kxf1 Rd1+ 37. Ke2 Qg4+ 38. f3 Qd4 39. Re3 Rb1 40. Qc3
Rxb2+ 41. Ke1 Qh4+ 42. Kd1 Rxg2 43. Kc1 Qxh2 44. Kb1 Rd2 45. Re1 Rxd5 46. Rc1
Rd2 47. b4 Qe2 48. a5 Rd4 49. Rc2 Qb5 50. Rb2 Rd3 0-1

[Event "XtraCon-Skakligaen"]
[Site "Denmark"]
[Date "2011.02.20"]
[Round "7.2"]
[White "Mikkelsen, Nikolaj"]
[Black "Brynell, Stellan"]
[Result "0-1"]
[WhiteElo "2416"]
[BlackElo "2492"]
[PlyCount "80"]
[EventDate "2010.11.06"]
[EventType "team-tourn"]
[EventRounds "9"]
[WhiteTeam "BMS"]
[BlackTeam "Nordkalotten"]
[WhiteTeamCountry "DEN"]
[BlackTeamCountry "DEN"]

1. e4 e6 2. d4 d5 3. exd5 exd5 4. Nf3 Bd6 5. Bd3 Bg4 6. O-O Nc6 7. c3 Nge7 8.
h3 Bh5 9. Bg5 Qd7 10. Nbd2 f6 11. Bh4 O-O-O 12. Bg3 Bxg3 13. fxg3 Bg6 14. Nb3
Qd6 15. Nc5 Rde8 16. Re1 Nd8 17. Qa4 Kb8 18. Bxg6 hxg6 19. Kf2 b6 20. Nd3 g5
21. Re2 Nec6 22. Rae1 Rxe2+ 23. Rxe2 Ne7 24. g4 Ng6 25. Re8 c6 26. Re3 Qd7 27.
Qb4 Nb7 28. c4 dxc4 29. Qxc4 Re8 30. Rxe8+ Qxe8 31. d5 c5 32. b4 Nd6 33. Qc2 c4
34. Nb2 b5 35. Nd4 Nf4 36. Nd1 Nxd5 37. Qh7 Nxb4 38. Qxg7 Nd3+ 39. Kg1 Qe1+ 40.
Kh2 Qe5+ 0-1

[Event "XtraCon-Skakligaen"]
[Site "Denmark"]
[Date "2011.02.20"]
[Round "7.3"]
[White "Pedersen, Daniel V"]
[Black "Kristiansen, Jens"]
[Result "0-1"]
[WhiteElo "2296"]
[BlackElo "2421"]
[PlyCount "56"]
[EventDate "2010.11.06"]
[EventType "team-tourn"]
[EventRounds "9"]
[WhiteTeam "Nordkalotten"]
[BlackTeam "BMS"]
[WhiteTeamCountry "DEN"]
[BlackTeamCountry "DEN"]

1. e4 g6 2. d4 Bg7 3. Nc3 d6 4. Be3 a6 5. f4 b5 6. Nf3 Bb7 7. Bd3 Nd7 8. e5 Nh6
9. Be4 Qc8 10. Ng5 Nb6 11. Qf3 c6 12. a4 b4 13. a5 bxc3 14. axb6 cxb2 15. Rb1
O-O 16. Qh3 Qxh3 17. Nxh3 f6 18. exd6 exd6 19. Kd2 Rfe8 20. Nf2 Re7 21. Rhe1
Rae8 22. Bd3 f5 23. c3 c5 24. dxc5 dxc5 25. Bc4+ Nf7 26. Rxb2 Kh8 27. Bxf7 Rxf7
28. Nd3 Rd7 0-1

[Event "XtraCon-Skakligaen"]
[Site "Denmark"]
[Date "2011.02.20"]
[Round "7.4"]
[White "Nielsen, Thomas Bach"]
[Black "Nielsen, Lars Aaes"]
[Result "1-0"]
[WhiteElo "2227"]
[BlackElo "2276"]
[PlyCount "67"]
[EventDate "2010.11.06"]
[EventType "team-tourn"]
[EventRounds "9"]
[WhiteTeam "BMS"]
[BlackTeam "Nordkalotten"]
[WhiteTeamCountry "DEN"]
[BlackTeamCountry "DEN"]

1. d4 e6 2. c4 b6 3. e4 Bb7 4. Qc2 Qh4 5. Nd2 Bb4 6. Bd3 Nc6 7. Ngf3 Qf6 8. d5
Nce7 9. O-O g5 10. a3 Bd6 11. b4 g4 12. Bb2 e5 13. Ne1 Ng6 14. c5 bxc5 15. bxc5
Be7 16. Be2 h5 17. Nd3 Ba6 18. Nc4 Bxc4 19. Qxc4 Nh6 20. f4 gxf3 21. Rxf3 Qg7
22. d6 Bd8 23. Raf1 cxd6 24. Qd5 Rb8 25. cxd6 Rxb2 26. Nxb2 Nf4 27. Rxf4 exf4
28. Nc4 Rg8 29. Bf3 Ng4 30. e5 Ne3 31. Nxe3 fxe3 32. Bxh5 Rf8 33. e6 Bb6 34.
Qa8+ 1-0

[Event "XtraCon-Skakligaen"]
[Site "Denmark"]
[Date "2011.02.20"]
[Round "7.5"]
[White "Hove, Esben Kjems"]
[Black "Brondt, Nicolai Kvist"]
[Result "1-0"]
[WhiteElo "2258"]
[BlackElo "2161"]
[PlyCount "68"]
[EventDate "2010.11.06"]
[EventType "team-tourn"]
[EventRounds "9"]
[WhiteTeam "Nordkalotten"]
[BlackTeam "BMS"]
[WhiteTeamCountry "DEN"]
[BlackTeamCountry "DEN"]

1. d4 d5 2. Nf3 Nf6 3. Bf4 c6 4. Nbd2 Bf5 5. c4 e6 6. Qb3 Qb6 7. c5 Qxb3 8.
axb3 Na6 9. Ra4 Nh5 10. Be3 Be7 11. h3 Bc2 12. g4 Nf6 13. Bf4 Bd8 14. e3 Nc7
15. Be2 a6 16. O-O Ne4 17. Rc1 Nxd2 18. Nxd2 Bg6 19. b4 Rc8 20. Nb3 Nb5 21.
Raa1 Kd7 22. Bxb5 cxb5 23. c6+ Rxc6 24. Rxc6 Kxc6 25. Rc1+ Kb6 26. Rc8 Ka7 27.
Bb8+ Kb6 28. Nc5 a5 29. bxa5+ Kxa5 30. Nxb7+ Kb4 31. Bd6+ Kb3 32. Rxd8 Rxd8 33.
Nxd8 Kxb2 34. Nc6 Kc3 1-0

[Event "XtraCon-Skakligaen"]
[Site "Denmark"]
[Date "2011.02.20"]
[Round "7.6"]
[White "Skjoldan, Benjamin"]
[Black "Kristensen, Kaare Hove"]
[Result "0-1"]
[WhiteElo "2179"]
[BlackElo "2260"]
[PlyCount "32"]
[EventDate "2010.11.06"]
[EventType "team-tourn"]
[EventRounds "9"]
[WhiteTeam "BMS"]
[BlackTeam "Nordkalotten"]
[WhiteTeamCountry "DEN"]
[BlackTeamCountry "DEN"]

1. d4 d5 2. Nf3 c5 3. dxc5 Nc6 4. c4 e6 5. Nc3 Nf6 6. Bg5 d4 7. Ne4 Bxc5 8.
Nxc5 Qa5+ 9. Qd2 Qxc5 10. e3 Ne4 11. exd4 Qb6 12. Qc1 Nxg5 13. Qxg5 Qxb2 14.
Rd1 Nb4 15. Qxg7 Nc2+ 16. Kd2 Nxd4+ 0-1

[Event "XtraCon-Skakligaen"]
[Site "Denmark"]
[Date "2011.02.20"]
[Round "7.7"]
[White "Jakobsen, Peter"]
[Black "Rostgaard, Tobias Valentin"]
[Result "0-1"]
[WhiteElo "2230"]
[BlackElo "2126"]
[PlyCount "138"]
[EventDate "2010.11.06"]
[EventType "team-tourn"]
[EventRounds "9"]
[WhiteTeam "Nordkalotten"]
[BlackTeam "BMS"]
[WhiteTeamCountry "DEN"]
[BlackTeamCountry "DEN"]

1. Nf3 Nf6 2. c4 c5 3. Nc3 Nc6 4. d4 cxd4 5. Nxd4 e6 6. g3 Qb6 7. Ndb5 d5 8.
Be3 Qa5 9. Bd2 Qb6 10. cxd5 Nxd5 11. e4 Nxc3 12. Bxc3 Bc5 13. Qe2 O-O 14. a4 a6
15. Na3 Nd4 16. Bxd4 Bxd4 17. Nc4 Qb4+ 18. Qd2 Qxd2+ 19. Kxd2 Bxf2 20. Bg2 Bd7
21. Ke2 Bc5 22. Ne5 Be8 23. Nd3 Bd4 24. Rhc1 Bc6 25. Rc4 Rad8 26. Rb1 e5 27.
Nc5 Bxc5 28. Rxc5 Bxa4 29. Rxe5 Bb5+ 30. Ke1 Rfe8 31. Rxe8+ Rxe8 32. Kd2 Bc6
33. Rc1 f5 34. Bf1 Bxe4 35. Rc7 h6 36. Bc4+ Kh7 37. h4 Rd8+ 38. Ke3 b5 39. Be2
Kg6 40. h5+ Kf6 41. g4 Re8 42. gxf5 Bxf5+ 43. Kf2 Re7 44. Rc5 Re5 45. Rc6+ Re6
46. Rc5 g5 47. hxg6 Kxg6 48. Bf3 Kg5 49. Kg3 Rf6 50. Rd5 h5 51. Rd4 Be6 52. Be2
Bf7 53. b4 Rc6 54. Bf3 Rc3 55. Kf2 Rc4 56. Rd7 Rf4 57. Ke3 Rf6 58. Rd4 Be6 59.
Rd6 Bg4 60. Rxf6 Kxf6 61. Bb7 Ke5 62. Bxa6 Bd7 63. Bb7 h4 64. Bh1 h3 65. Bb7
Be6 66. Bc6 h2 67. Kf2 Bd5 68. Bxd5 Kxd5 69. Kg2 Kc4 0-1

[Event "XtraCon-Skakligaen"]
[Site "Denmark"]
[Date "2011.02.20"]
[Round "7.8"]
[White "Brorsen, Jacob Abildlund"]
[Black "Ejsing, Esben"]
[Result "0-1"]
[WhiteElo "2033"]
[BlackElo "2118"]
[PlyCount "96"]
[EventDate "2010.11.06"]
[EventType "team-tourn"]
[EventRounds "9"]
[WhiteTeam "BMS"]
[BlackTeam "Nordkalotten"]
[WhiteTeamCountry "DEN"]
[BlackTeamCountry "DEN"]

1. d4 Nf6 2. c4 g6 3. Nc3 Bg7 4. g3 O-O 5. Bg2 d6 6. Nf3 Nc6 7. O-O Bd7 8. d5
Na5 9. Qd3 c5 10. e4 a6 11. Nd2 b5 12. Rb1 Ng4 13. cxb5 axb5 14. a4 bxa4 15.
Qe2 Nb3 16. Nxb3 axb3 17. h3 Nf6 18. f4 Qc7 19. g4 Bc8 20. Qf3 Ba6 21. Re1 Nd7
22. h4 c4 23. h5 Nc5 24. Bd2 Nd3 25. Re2 Bb7 26. Qh3 Ra6 27. hxg6 fxg6 28. Rf1
Rfa8 29. g5 Bc8 30. Qh4 Ra1 31. f5 gxf5 32. exf5 Rxf1+ 33. Bxf1 Bxf5 34. g6
Bxg6 35. Rxe7 Qd8 36. Bg5 Qf8 37. Kg2 h6 38. Bxd3 hxg5 39. Qxg5 Bxd3 40. Ne4
Bxe4+ 41. Rxe4 Ra1 42. Rf4 Qe8 43. Qg4 Rc1 44. Re4 Rc2+ 45. Kh1 Qf7 46. Qc8+
Kh7 47. Qh3+ Bh6 48. Re6 Rc1+ 0-1

[Event "XtraCon-Skakligaen"]
[Site "Denmark"]
[Date "2011.02.20"]
[Round "7.1"]
[White "Rasmussen, Allan Stig"]
[Black "Bejtovic, Jasmin"]
[Result "1/2-1/2"]
[WhiteElo "2538"]
[BlackElo "2405"]
[PlyCount "96"]
[EventDate "2010.11.06"]
[EventType "team-tourn"]
[EventRounds "9"]
[WhiteTeam "Jetsmark"]
[BlackTeam "K41"]
[WhiteTeamCountry "DEN"]
[BlackTeamCountry "DEN"]

1. e4 c5 2. d3 Nc6 3. f4 g6 4. c3 Bg7 5. Be3 b6 6. d4 d6 7. Nf3 Nf6 8. Nbd2 O-O
9. a3 cxd4 10. cxd4 e5 11. fxe5 dxe5 12. d5 Nd4 13. Bd3 Ng4 14. Bg5 f6 15. Nxd4
exd4 16. Bf4 f5 17. O-O Ne3 18. Bxe3 dxe3 19. Nf3 fxe4 20. Bxe4 Ba6 21. Re1 Qd6
22. Qa4 Bb7 23. Kh1 Bxb2 24. Ra2 Bg7 25. Rxe3 Rae8 26. Rae2 Bh6 27. Rd3 a5 28.
Rd1 Rc8 29. Bb1 Rc3 30. Re6 Qc5 31. Qe4 Bg7 32. h4 Rc1 33. Rxc1 Qxc1+ 34. Kh2
Qc7+ 35. Kh1 Qc1+ 36. Kh2 Qc7+ 37. g3 Qf7 38. Re7 Qxf3 39. Qxf3 Rxf3 40. Rxb7
Be5 41. Rxb6 Rxa3 42. Re6 Bxg3+ 43. Kh3 Kf7 44. h5 Bb8+ 45. Kh4 Ra4+ 46. Kh3
Ra3+ 47. Kh4 Ra4+ 48. Kh3 Ra3+ 1/2-1/2

[Event "XtraCon-Skakligaen"]
[Site "Denmark"]
[Date "2011.02.20"]
[Round "7.2"]
[White "Nilssen, John Arni"]
[Black "Pedersen, Christian Kyndel"]
[Result "1-0"]
[WhiteElo "2364"]
[BlackElo "2435"]
[PlyCount "69"]
[EventDate "2010.11.06"]
[EventType "team-tourn"]
[EventRounds "9"]
[WhiteTeam "K41"]
[BlackTeam "Jetsmark"]
[WhiteTeamCountry "DEN"]
[BlackTeamCountry "DEN"]

1. d4 Nf6 2. c4 e6 3. Nc3 Bb4 4. g3 O-O 5. Bg2 d5 6. Nf3 dxc4 7. O-O Nc6 8. e3
Rb8 9. Qe2 b5 10. Rd1 Nd5 11. Bd2 Nxc3 12. bxc3 Ba3 13. Ne1 Bb7 14. e4 a6 15.
Nc2 Be7 16. f4 Na5 17. Be3 c5 18. Qf2 cxd4 19. Bxd4 Qc8 20. f5 exf5 21. Ne3 g6
22. exf5 Bxg2 23. Qxg2 Nc6 24. fxg6 hxg6 25. Nd5 Re8 26. Re1 Qd8 27. Rxe7 Rxe7
28. Nf6+ Kg7 29. Qxc6 Re6 30. Nd7+ Kg8 31. Qd5 Rc8 32. Rf1 Qe7 33. Nf6+ Kf8 34.
Bc5 Rxc5 35. Qa8+ 1-0

[Event "XtraCon-Skakligaen"]
[Site "Denmark"]
[Date "2011.02.20"]
[Round "7.3"]
[White "Glud, Jakob Vang"]
[Black "Greger, Roland Reinhard"]
[Result "1-0"]
[WhiteElo "2474"]
[BlackElo "2389"]
[PlyCount "79"]
[EventDate "2010.11.06"]
[EventType "team-tourn"]
[EventRounds "9"]
[WhiteTeam "Jetsmark"]
[BlackTeam "K41"]
[WhiteTeamCountry "DEN"]
[BlackTeamCountry "DEN"]

1. c4 e5 2. g3 Nf6 3. Bg2 d5 4. cxd5 Nxd5 5. Nf3 Nc6 6. O-O Be7 7. d4 e4 8. Ne5
f5 9. Nxc6 bxc6 10. Nc3 Be6 11. Bd2 Nb6 12. e3 c5 13. Ne2 Rb8 14. Rc1 c4 15.
Ba5 Qd7 16. Nc3 Nd5 17. Qe2 Nxc3 18. Bxc3 O-O 19. Rc2 Bd5 20. Rfc1 Rb6 21. Be1
Rfb8 22. Bf1 Bd6 23. a3 g6 24. Ba5 Rb3 25. Rxc4 Rxb2 26. R4c2 Rxc2 27. Qxc2 c6
28. Rb1 Rxb1 29. Qxb1 Bxa3 30. Qb8+ Kg7 31. Bc7 Be7 32. Ba6 c5 33. Be5+ Kh6 34.
Qh8 Bd6 35. dxc5 Bxe5 36. Qxe5 Qc6 37. Qd4 g5 38. Bc8 Kg6 39. Qe5 Qxc8 40. Qxd5
1-0

[Event "XtraCon-Skakligaen"]
[Site "Denmark"]
[Date "2011.02.20"]
[Round "7.4"]
[White "Rasmussen, Casper Dahl"]
[Black "Christensen, Stefan"]
[Result "1/2-1/2"]
[WhiteElo "2357"]
[BlackElo "2262"]
[PlyCount "137"]
[EventDate "2010.11.06"]
[EventType "team-tourn"]
[EventRounds "9"]
[WhiteTeam "K41"]
[BlackTeam "Jetsmark"]
[WhiteTeamCountry "DEN"]
[BlackTeamCountry "DEN"]

1. Nf3 Nf6 2. c4 g6 3. g3 Bg7 4. Bg2 O-O 5. O-O d5 6. d4 c6 7. b3 dxc4 8. bxc4
c5 9. e3 cxd4 10. exd4 Nc6 11. Bb2 Bg4 12. Nbd2 Ne8 13. h3 Be6 14. d5 Bxb2 15.
Rb1 Bf6 16. dxe6 Qc7 17. Qe2 Nd6 18. h4 Kh8 19. Ne4 Nxe4 20. Qxe4 fxe6 21. h5
gxh5 22. Rb5 e5 23. Rfb1 b6 24. c5 Rac8 25. cxb6 axb6 26. Bh3 Rcd8 27. Rc1 Rd6
28. Rb3 Qb7 29. Rb5 Nd8 30. Qxb7 Nxb7 31. Nxe5 Nc5 32. Nc4 Rd4 33. Nxb6 Nd3 34.
Rc8 Rxc8 35. Bxc8 Rd8 36. Rd5 Rxd5 37. Nxd5 Bd4 38. Ne3 Bc5 39. a4 Kg7 40. Bf5
Nb4 41. Be4 e6 42. Ng2 h6 43. Nf4 Kf6 44. Kg2 h4 45. gxh4 Ke5 46. Kf3 Bxf2 47.
Ng6+ Kd4 48. a5 Bg1 49. Bb7 Kc5 50. Nf8 Kb5 51. a6 Nxa6 52. Bxa6+ Kxa6 53. Nxe6
Kb6 54. Ng7 Kc6 55. Nf5 Kd7 56. Nxh6 Ke6 57. Kg4 Kf6 58. Nf5 Bc5 59. Ng3 Kg6
60. h5+ Kh7 61. Ne4 Be3 62. Nd6 Bc1 63. Nf5 Bd2 64. Kf3 Bc1 65. Ke4 Bd2 66. Kd5
Bc1 67. Ke6 Bd2 68. Kf7 Bc1 69. Ke6 1/2-1/2

[Event "XtraCon-Skakligaen"]
[Site "Denmark"]
[Date "2011.02.20"]
[Round "7.5"]
[White "Wiwe, Andreas"]
[Black "Hagen, Andreas Skytte"]
[Result "1/2-1/2"]
[WhiteElo "2255"]
[BlackElo "2290"]
[PlyCount "97"]
[EventDate "2010.11.06"]
[EventType "team-tourn"]
[EventRounds "9"]
[WhiteTeam "Jetsmark"]
[BlackTeam "K41"]
[WhiteTeamCountry "DEN"]
[BlackTeamCountry "DEN"]

1. d4 Nf6 2. c4 g6 3. Nc3 d5 4. cxd5 Nxd5 5. e4 Nxc3 6. bxc3 Bg7 7. Be3 c5 8.
Nf3 Qa5 9. Qd2 O-O 10. Rc1 Rd8 11. Bc4 cxd4 12. cxd4 Qxd2+ 13. Bxd2 Nc6 14. d5
Nd4 15. Nxd4 Bxd4 16. Bb4 Kf8 17. O-O Bd7 18. Bc3 Bxc3 19. Rxc3 Rac8 20. Rfc1
e5 21. f3 Rc5 22. Bb3 Rxc3 23. Rxc3 Rc8 24. Rxc8+ Bxc8 25. Kf2 Ke7 26. Ke3 Kd6
27. Kd3 Kc5 28. Kc3 f5 29. Bd1 b5 30. a3 a5 31. Bc2 Bd7 32. Bd1 h6 33. Bc2 Bc8
34. Bd1 Ba6 35. Bc2 f4 36. Bd3 Bc8 37. Be2 Bd7 38. Bd3 g5 39. Be2 h5 40. h3 Be8
41. Bf1 Bf7 42. Be2 Bg6 43. Bd3 Be8 44. Bf1 Bd7 45. Be2 Bc8 46. Bd1 Bd7 47. Be2
Bc8 48. Bd1 Bd7 49. Be2 1/2-1/2

[Event "XtraCon-Skakligaen"]
[Site "Denmark"]
[Date "2011.02.20"]
[Round "7.6"]
[White "Schmidt, Kristen"]
[Black "Baekgaard, Martin"]
[Result "1/2-1/2"]
[WhiteElo "2280"]
[BlackElo "2263"]
[PlyCount "49"]
[EventDate "2010.11.06"]
[EventType "team-tourn"]
[EventRounds "9"]
[WhiteTeam "K41"]
[BlackTeam "Jetsmark"]
[WhiteTeamCountry "DEN"]
[BlackTeamCountry "DEN"]

1. e4 e5 2. Nf3 Nc6 3. Bb5 a6 4. Ba4 Nge7 5. O-O g6 6. d4 exd4 7. Nxd4 Bg7 8.
Nxc6 Nxc6 9. Nc3 O-O 10. Be3 d6 11. Qd2 Be6 12. Bg5 Qd7 13. Nd5 f6 14. Bh6 Bxh6
15. Qxh6 b5 16. Bb3 Nd4 17. Rad1 Nxb3 18. axb3 Bxd5 19. Rxd5 Rae8 20. f3 f5 21.
exf5 Rxf5 22. Qd2 Qf7 23. Rxf5 Qxf5 24. Re1 Rxe1+ 25. Qxe1 1/2-1/2

[Event "XtraCon-Skakligaen"]
[Site "Denmark"]
[Date "2011.02.20"]
[Round "7.7"]
[White "Jensen, Bjarke"]
[Black "Christensen, Bo Garner"]
[Result "1/2-1/2"]
[WhiteElo "2258"]
[BlackElo "2254"]
[PlyCount "77"]
[EventDate "2010.11.06"]
[EventType "team-tourn"]
[EventRounds "9"]
[WhiteTeam "Jetsmark"]
[BlackTeam "K41"]
[WhiteTeamCountry "DEN"]
[BlackTeamCountry "DEN"]

1. e4 c5 2. Nf3 Nc6 3. d4 cxd4 4. Nxd4 Nf6 5. Nc3 e5 6. Ndb5 d6 7. Bg5 a6 8.
Na3 b5 9. Bxf6 gxf6 10. Nd5 f5 11. Bd3 Be6 12. O-O Bg7 13. c4 bxc4 14. Nxc4 O-O
15. Ndb6 Nd4 16. exf5 Bxc4 17. Nxc4 d5 18. Ne3 e4 19. Be2 Qg5 20. Bg4 Rab8 21.
Rc1 Rxb2 22. Rc5 Rb5 23. Rxb5 axb5 24. g3 Rd8 25. h4 Qh6 26. Qc1 Be5 27. Rd1
Qd6 28. Kg2 Kh8 29. Rd2 Rg8 30. Qd1 Qc5 31. Bh5 Qc3 32. Bxf7 Rg7 33. Bxd5 Bxg3
34. f6 Rg6 35. Bxe4 Bxf2+ 36. Bxg6 Bxe3 37. Rxd4 Bxd4 38. Be4 Qe3 39. Qf3
1/2-1/2

[Event "XtraCon-Skakligaen"]
[Site "Denmark"]
[Date "2011.02.20"]
[Round "7.1"]
[White "Rasmussen, Karsten"]
[Black "Teplyi, Igor"]
[Result "1-0"]
[WhiteElo "2451"]
[BlackElo "2394"]
[PlyCount "43"]
[EventDate "2010.11.06"]
[EventType "team-tourn"]
[EventRounds "9"]
[WhiteTeam "Aarhus/Skolerne"]
[BlackTeam "Nordre"]
[WhiteTeamCountry "DEN"]
[BlackTeamCountry "DEN"]

1. d4 Nf6 2. c4 g6 3. Nc3 d5 4. Bf4 Bg7 5. e3 O-O 6. Nf3 c5 7. dxc5 Qa5 8. Rc1
dxc4 9. Bxc4 Qxc5 10. Bb3 Nc6 11. O-O Qa5 12. h3 Bf5 13. Qe2 Ne4 14. g4 Nxc3
15. bxc3 Bc8 16. Rfd1 b6 17. Qc4 Qa6 18. Ng5 Na5 19. Qxf7+ Rxf7 20. Bxf7+ Kh8
21. Rd8+ Bf8 22. Be5# 1-0

[Event "XtraCon-Skakligaen"]
[Site "Denmark"]
[Date "2011.02.20"]
[Round "7.2"]
[White "Veng, Johny"]
[Black "Skytte, Rasmus"]
[Result "1/2-1/2"]
[WhiteElo "2297"]
[BlackElo "2409"]
[PlyCount "40"]
[EventDate "2010.11.06"]
[EventType "team-tourn"]
[EventRounds "9"]
[WhiteTeam "Nordre"]
[BlackTeam "Aarhus/Skolerne"]
[WhiteTeamCountry "DEN"]
[BlackTeamCountry "DEN"]

1. c4 c5 2. Nf3 Nc6 3. Nc3 e5 4. g3 Nf6 5. d3 Be7 6. Bg2 O-O 7. O-O d6 8. Ne1
Be6 9. Nd5 Bd7 10. Nxe7+ Qxe7 11. Nc2 Be6 12. Bg5 h6 13. Bxf6 Qxf6 14. b4 cxb4
15. Rb1 Rac8 16. Nxb4 Nxb4 17. Rxb4 b6 18. Qd2 Qe7 19. a4 Rc5 20. Ra1 d5
1/2-1/2

[Event "XtraCon-Skakligaen"]
[Site "Denmark"]
[Date "2011.02.20"]
[Round "7.3"]
[White "Sorensen, Jan"]
[Black "Petersen, Tom Petri"]
[Result "1-0"]
[WhiteElo "2411"]
[BlackElo "2301"]
[PlyCount "131"]
[EventDate "2010.11.06"]
[EventType "team-tourn"]
[EventRounds "9"]
[WhiteTeam "Aarhus/Skolerne"]
[BlackTeam "Nordre"]
[WhiteTeamCountry "DEN"]
[BlackTeamCountry "DEN"]

1. e4 c5 2. b3 e6 3. Bb2 Nc6 4. Bb5 Qc7 5. Nf3 a6 6. Bxc6 Qxc6 7. O-O d6 8. d4
cxd4 9. Nxd4 Qc7 10. c4 Nf6 11. Nc3 Be7 12. Kh1 b6 13. Qd3 Bb7 14. Rae1 g5 15.
Nd5 exd5 16. exd5 Ng4 17. Nc6 Bxc6 18. Bxh8 Bb7 19. Qxh7 O-O-O 20. Qxf7 Ne5 21.
Bxe5 dxe5 22. Qe6+ Kb8 23. Rxe5 Bd6 24. Rxg5 Bc8 25. Qg6 Qe7 26. Rh5 Qe2 27.
Kg1 Bc5 28. b4 Rd6 29. Qg3 Bxb4 30. Rh6 Kc7 31. Qf4 Qxa2 32. h4 a5 33. Re1 Bd7
34. g3 Qd2 35. Qxd2 Bxd2 36. Rxd6 Kxd6 37. Re2 Bc3 38. h5 a4 39. h6 Kc5 40. h7
Bf5 41. Re3 Bd4 42. Re7 a3 43. Ra7 Bxh7 44. Rxa3 Bf5 45. Rf3 Bd7 46. Rf7 Ba4
47. g4 Be8 48. Re7 Bg6 49. Rc7+ Kb4 50. d6 Be5 51. Rc6 Be8 52. Rxb6+ Kc5 53.
Rb8 Bd7 54. g5 Kxd6 55. Rf8 Ke7 56. Rf3 Bd4 57. Rf4 Bb2 58. Re4+ Kf7 59. c5 Bc6
60. Rf4+ Ke6 61. g6 Be5 62. Rg4 Bg7 63. Rf4 Be5 64. Rf8 Bd4 65. Rd8 Bd7 66. c6
1-0

[Event "XtraCon-Skakligaen"]
[Site "Denmark"]
[Date "2011.02.20"]
[Round "7.5"]
[White "Boe, Mads"]
[Black "Christensen, Jan Schleicher"]
[Result "1-0"]
[WhiteElo "2343"]
[BlackElo "2229"]
[PlyCount "81"]
[EventDate "2010.11.06"]
[EventType "team-tourn"]
[EventRounds "9"]
[WhiteTeam "Aarhus/Skolerne"]
[BlackTeam "Nordre"]
[WhiteTeamCountry "DEN"]
[BlackTeamCountry "DEN"]

1. Nf3 Nf6 2. d4 g6 3. c3 Bg7 4. Bg5 d5 5. e3 O-O 6. Bd3 c5 7. Nbd2 Nc6 8. O-O
Qb6 9. Rb1 Bg4 10. h3 Bxf3 11. Nxf3 Ne4 12. Bxe4 dxe4 13. Nd2 cxd4 14. exd4 h6
15. Be3 Qa6 16. Qb3 Na5 17. Qa3 Qb5 18. Qxe7 Rfe8 19. Qc5 a6 20. Qxb5 axb5 21.
a3 f5 22. Rfe1 g5 23. Nf1 f4 24. Bc1 Ra6 25. Bd2 Nc4 26. Bc1 Na5 27. Nd2 e3 28.
fxe3 fxe3 29. Nf3 Nc4 30. Kf1 Kh7 31. Ke2 Kg6 32. Kd3 h5 33. a4 Rxa4 34. b3 Ra2
35. bxc4 bxc4+ 36. Kxc4 g4 37. Rb6+ Kf5 38. Rb5+ Kf4 39. Nh4 Rc2 40. Kd3 Rd2+
41. Bxd2 1-0

[Event "XtraCon-Skakligaen"]
[Site "Denmark"]
[Date "2011.02.20"]
[Round "7.6"]
[White "Hoiberg, Nina"]
[Black "Rendboe, John Filip"]
[Result "1-0"]
[WhiteElo "2198"]
[BlackElo "2280"]
[PlyCount "79"]
[EventDate "2010.11.06"]
[EventType "team-tourn"]
[EventRounds "9"]
[WhiteTeam "Nordre"]
[BlackTeam "Aarhus/Skolerne"]
[WhiteTeamCountry "DEN"]
[BlackTeamCountry "DEN"]

1. e4 c5 2. Nf3 Nc6 3. Nc3 e5 4. d3 Be7 5. Nd5 Nf6 6. c4 d6 7. g3 O-O 8. Bg2
Nxd5 9. cxd5 Nb8 10. Qb3 Qc7 11. h3 Nd7 12. g4 b6 13. Be3 Ba6 14. Nd2 b5 15.
O-O Rac8 16. Rfc1 Nb6 17. Qd1 Qd8 18. b3 Rc7 19. Bf1 Bg5 20. Qe2 Bxe3 21. Qxe3
Qd7 22. Rc2 Rfc8 23. Rac1 Bb7 24. Be2 Qe7 25. g5 a5 26. Bg4 Rf8 27. f4 exf4 28.
Qxf4 Bc8 29. Nf3 f5 30. exf5 Nxd5 31. Qe4 Qf7 32. g6 Qf6 33. Qxd5+ Kh8 34. Re2
hxg6 35. fxg6 Qxg6 36. Qh5+ Qxh5 37. Bxh5 Bf5 38. Nh4 Bxd3 39. Rd2 Be4 40. Rxd6
1-0

[Event "XtraCon-Skakligaen"]
[Site "Denmark"]
[Date "2011.02.20"]
[Round "7.7"]
[White "Pedersen, Finn"]
[Black "Holst, Per"]
[Result "1/2-1/2"]
[WhiteElo "2303"]
[BlackElo "2129"]
[PlyCount "152"]
[EventDate "2010.11.06"]
[EventType "team-tourn"]
[EventRounds "9"]
[WhiteTeam "Aarhus/Skolerne"]
[BlackTeam "Nordre"]
[WhiteTeamCountry "DEN"]
[BlackTeamCountry "DEN"]

1. g3 c5 2. Bg2 g6 3. c4 Bg7 4. Nc3 Nc6 5. e3 e6 6. Nge2 Nge7 7. O-O O-O 8. d4
cxd4 9. exd4 d5 10. cxd5 Nxd5 11. Nxd5 exd5 12. Be3 Bg4 13. h3 Bxe2 14. Qxe2
Nxd4 15. Qd2 Qf6 16. Bxd4 Qxd4 17. Qxd4 Bxd4 18. Rfd1 Bb6 19. Bxd5 Rad8 20.
Bxb7 Rxd1+ 21. Rxd1 Rd8 22. Bd5 Kg7 23. Rd3 f5 24. b4 Kf6 25. Kg2 g5 26. f4 h6
27. a4 Rc8 28. Bb3 Rc1 29. Rd6+ Kg7 30. a5 Bc7 31. Rd4 Kf6 32. Bc4 Rc2+ 33. Kf3
Rc3+ 34. Bd3 Ke6 35. Ke2 Bd6 36. Bxf5+ Ke7 37. Bd3 Rb3 38. Re4+ Kf6 39. b5 gxf4
40. gxf4 Ra3 41. a6 Ra2+ 42. Kd1 Bc5 43. Rc4 Be3 44. Rc6+ Ke7 45. Bc4 Rd2+ 46.
Ke1 Rd6 47. f5 Rxc6 48. bxc6 Bf4 49. Ke2 Kf6 50. Be6 Bc7 51. Kf3 Kg5 52. h4+
Kf6 53. Kg4 Bd6 54. Kh5 Bf4 55. Bd7 Kg7 56. Be6 Kf6 57. c7 Bxc7 58. Kxh6 Bf4+
59. Kh7 Bg3 60. h5 Bf4 61. Kg8 Bh6 62. Bd7 Bf4 63. Kf8 Be3 64. Ke8 Bf4 65. Be6
Be3 66. Kd7 Kg5 67. Ke7 Kxh5 68. Bd7 Kg5 69. f6 Bc5+ 70. Ke6 Bb4 71. Be8 Ba3
72. f7 Kh6 73. Kf6 Bb2+ 74. Ke7 Ba3+ 75. Kf6 Bb2+ 76. Ke6 Kg7 1/2-1/2